000 00655nam a2200205 a 4500
005 20140412111351.0
008 050426s19uu xx 00 eng d
020 _a0-02-660955-X
050 _aTR(GS 372.4
_bC125 2000
100 _aCalabrese, Carin
245 _aThe wise monkey :
_bdecodable book /
_cby Carin Calabrese ; illustrated by Kersti Frigell.
260 _aColumbus, Ohio :
_bSRA/McGraw-Hill,
_c2000.
300 _a8 p. ; ill.
440 _aSRA Open Court Reading
500 _aLevel C, Set 1, Book 24
650 _aReading
_xPhonetics
_xJuvenile literature
650 _aMonkeys
_xFiction
650 _aChildren stories
999 _c105317
_d105317